| 000 | 00747nam a2200193 4500 | ||
|---|---|---|---|
| 001 | 122572 | ||
| 003 | ES-MaACL | ||
| 007 | t| | ||
| 008 | 070214s1974 ck r ||||1| spa d | ||
| 110 | 2 |
_aOpen University. _bMathematica Foundation Course Team. _96032 |
|
| 245 | 1 | 0 |
_aProbabilidad y Estadística / _cpreparado por el equipo del Curso Básico de Matemáticas ; traductor: Luis Hernán Rodríguez. |
| 260 |
_aBogotá [etc.] : _bMcGraw-Hill, _c1974. |
||
| 300 |
_a3 v. ; _c28 cm. |
||
| 490 | 1 | _aThe Open University. Curso básico de Matemáticas | |
| 700 | 1 |
_aHernán Rodríguez, Luis. _962778 |
|
| 830 | 0 | 4 |
_aThe Open University. _pCurso básico de matemáticas _9186568 |
| 852 |
_aES-MaACL _jB-9994-5-bis _bR.93417 |
||
| 999 |
_c122572 _d122572 |
||